Logos de Voitures (Impossible) - Statistiques

Statistiques générales
  • Ce quiz a été pris 71 fois
  • Le résultat moyen est 5 sur 16
Statistiques - réponses
Par images Réponse % Correct
Rimac
64%
Ariel
60%
Morgan
55%
Apollo
49%
W Motors
43%
AMC
30%
Radical
30%
Mosler
23%
OldsMobile
21%
Donkervoort
17%
Gordon Murray
17%
GTA Spano
15%
Ascari
13%
Brabham
11%
Meyers Manx
6%
Wuling
6%
Aucun quiz correspondant
Distribution des résultats
% des personnes avec chaque résultat
Percentile par nombre de réponses
Votre historique - résultats
Vous n’avez pas pris ce quiz